000 00616nam a22001937a 4500
001 83216
003 BD-RjUL
005 20240304105340.0
008 240304s1976 ii ||||| |||| 00| 0 ur d
035 _a(BD-RjUL)83216
040 _aBD-RjUL
_beng
_cBD-RjUL
041 _aurd
082 _223
_a891.4390922
_bSIG 1976
245 _aگنج ہائے گراں مایہ ;; Ganj Hi Gran Maya /
_c رشید احمد صدیقی ;; Rashid Ahmad Siddiqui
260 _aنئی دہلی :
_b مکتبہ جامعہ لمیٹیڈ،
_c1971
300 _a288 p. ;
_c18 cm
650 _aAuthors
_vbiography
_912047
942 _2ddc
_cBK
999 _c83216
_d83216